[Event "28th European Club Cup"]
[Site "Eilat ISR"]
[Date "2012.10.14"]
[Round "4.15"]
[White "Ribbegren, Karl Johan"]
[Black "Koch, Thomas1"]
[Result "0-1"]
[BlackTitle "IM"]
[WhiteElo "2101"]
[BlackElo "2431"]
[WhiteTeam "C.E. de Monte Carlo"]
[BlackTeam "Eynatten"]
[WhiteFideId "5400040"]
[BlackFideId "4600533"]
[EventDate "2012.10.11"]

1. g3 c5 2. Bg2 d5 3. c4 Nf6 4. cxd5 Nxd5 5. Nc3 Nb4 6. Nf3 N8c6 7. a3 Na6 8.
O-O e5 9. d3 Be7 10. Nd2 O-O 11. Nc4 f6 12. f4 exf4 13. Bxf4 Nd4 14. Nd5 Rf7 15.
e3 Ne6 16. Qh5 g6 17. Qf3 Nxf4 18. Qxf4 Kg7 19. e4 Be6 20. Nxe7 Bxc4 21. Nf5+
gxf5 22. dxc4 Qd4+ 23. Kh1 Qxc4 24. Rac1 Qd4 25. Rcd1 Qxb2 26. exf5 Re8 27. Bd5
Rfe7 28. Be6 Nb8 29. g4 h6 30. h4 Nc6 31. Rd5 Nd4 32. Rxc5 Ne2 33. Qe3 Rd8 34.
Re1 Nd4 35. Qg3 Qd2 36. Qe3 Nf3 37. Re2 Qd1+ 38. Kg2 Rd3 39. Qf2 Nd4 0-1

[Event "28th European Club Cup"]
[Site "Eilat ISR"]
[Date "2012.10.14"]
[Round "4.15"]
[White "Coenen, Norbert"]
[Black "Iclicki, Willy"]
[Result "1-0"]
[WhiteTitle "IM"]
[WhiteElo "2327"]
[BlackElo "2044"]
[WhiteTeam "Eynatten"]
[BlackTeam "C.E. de Monte Carlo"]
[WhiteFideId "4619455"]
[BlackFideId "200450"]
[EventDate "2012.10.11"]

1. e4 c6 2. d4 d5 3. Nc3 dxe4 4. Nxe4 Bf5 5. Ng3 Bg6 6. h4 h6 7. Nf3 Nd7 8. h5
Bh7 9. Bd3 Bxd3 10. Qxd3 e6 11. Bf4 Ngf6 12. O-O-O Be7 13. Ne5 O-O 14. Ne4 Nxe5
15. dxe5 Nxe4 16. Qxe4 Qa5 17. Kb1 Rad8 18. Qe2 Rxd1+ 19. Rxd1 Rd8 20. f3 Rxd1+
21. Qxd1 Qb5 22. b3 Ba3 23. Qd8+ Kh7 24. Qd3+ Qxd3 25. cxd3 Kg8 26. Kc2 Bb4 27.
Be3 a6 28. Bb6 g6 29. g4 gxh5 30. gxh5 Be7 31. Kc3 f5 32. exf6 Bxf6+ 33. Kd2
Bg5+ 34. Be3 Bxe3+ 35. Kxe3 Kf7 36. Kf4 Kf6 37. d4 a5 38. a4 b6 39. Ke4 Kg5 40.
Ke5 Kxh5 41. Kxe6 Kg5 42. Kd6 Kf6 43. Kxc6 Ke7 44. Kd5 h5 45. Ke4 Kd6 46. f4 h4
47. Kf3 h3 48. Kg3 Kd5 49. f5 Kxd4 50. f6 Kc3 51. f7 Kxb3 52. f8=Q Kxa4 53. Qf4+
Kb5 54. Qe5+ Kb4 55. Qb2+ Kc5 56. Qc3+ Kb5 57. Kxh3 1-0

[Event "28th European Club Cup"]
[Site "Eilat ISR"]
[Date "2012.10.14"]
[Round "4.16"]
[White "Zymberi, Astrit"]
[Black "Broekmeulen, Jasper"]
[Result "0-1"]
[BlackTitle "FM"]
[WhiteElo "2161"]
[BlackElo "2410"]
[WhiteTeam "Chess Club Expik"]
[BlackTeam "Amay"]
[WhiteFideId "4700295"]
[BlackFideId "1013440"]
[EventDate "2012.10.11"]

1. d4 g6 2. c4 Bg7 3. e4 d6 4. Nc3 Nd7 5. Be3 e5 6. Nge2 Ne7 7. Qd2 O-O 8. Bh6
f5 9. Bxg7 Kxg7 10. f4 Nf6 11. exf5 Nxf5 12. O-O-O Ng4 13. Ne4 Nfe3 14. h3 Nxc4
15. Qc3 Nge3 16. Rd3 exf4 17. d5+ Kg8 18. Rd4 Ne5 19. Nxf4 Nf5 20. Rd2 Qh4 21.
Rf2 g5 22. g4 gxf4 23. gxf5 Bxf5 24. Rg2+ Kh8 25. Ng5 h6 26. Ne6 Bxe6 27. dxe6
f3 28. Rg6 f2 29. e7 Rg8 30. Re6 Qg5+ 31. Kd1 Rae8 32. Rh2 Qh5+ 33. Kc1 Qg5+ 34.
Kd1 Rxe7 35. Rxe7 Qxe7 36. Rxf2 Rf8 37. Rxf8+ Qxf8 38. Be2 c5 39. h4 Qf2 40. Qh3
Qd4+ 41. Kc1 Qe4 42. Bd1 Kg7 43. h5 Qc4+ 44. Kd2 Qf4+ 45. Kc2 Qf2+ 46. Kc1 c4
47. Bc2 Qe1+ 48. Bd1 Nd3+ 49. Kc2 Qxd1+ 0-1

[Event "28th European Club Cup"]
[Site "Eilat ISR"]
[Date "2012.10.14"]
[Round "4.16"]
[White "Memeti, Kastriot"]
[Black "Hamiti, Gani"]
[Result "1-0"]
[WhiteElo "2189"]
[BlackElo "2144"]
[WhiteTeam "Amay"]
[BlackTeam "Chess Club Expik"]
[WhiteFideId "204390"]
[BlackFideId "4701194"]
[EventDate "2012.10.11"]

1. d4 Nf6 2. Nf3 e6 3. Bf4 c5 4. c3 cxd4 5. cxd4 b5 6. e3 a6 7. Bd3 Bb7 8. Nbd2
Nc6 9. Rc1 Rc8 10. O-O Qb6 11. Qe2 Be7 12. a3 O-O 13. Bb1 Nd5 14. Qd3 f5 15. Bg3
g6 16. Ba2 Nf6 17. Bf4 Na7 18. Ne5 Rxc1 19. Rxc1 Rc8 20. Rf1 d5 21. Bg5 Qc7 22.
Bb1 Kg7 23. Nb3 Bd6 24. Bxf6+ Kxf6 25. f4 Qe7 26. Qd2 Kg7 27. Rc1 Qd8 28. Rxc8
Qxc8 29. Nd3 Qc4 30. Nbc5 Bxc5 31. Nxc5 b4 32. Bd3 Qa2 33. Qxb4 Qa1+ 34. Kf2 Bc8
35. Qb8 Nb5 36. Qxc8 Qxb2+ 37. Be2 Nc3 38. Qb7+ 1-0

[Event "28th European Club Cup"]
[Site "Eilat ISR"]
[Date "2012.10.14"]
[Round "4.17"]
[White "Harestad, Hans Krogh"]
[Black "Bellini, Fabio"]
[Result "1/2-1/2"]
[BlackTitle "IM"]
[WhiteElo "2265"]
[BlackElo "2492"]
[WhiteTeam "Soss"]
[BlackTeam "Obiettivo Risarcimento"]
[WhiteFideId "1501640"]
[BlackFideId "800252"]
[EventDate "2012.10.11"]

1. d4 e6 2. c4 b6 3. Nc3 Bb7 4. e4 Bb4 5. f3 Ne7 6. Bd3 O-O 7. Ne2 d5 8. cxd5
exd5 9. a3 dxe4 10. fxe4 Bxc3+ 11. bxc3 c5 12. O-O Nbc6 13. Be3 cxd4 14. cxd4
Qd7 15. Qa4 a6 16. Rac1 b5 17. Qb3 Rac8 18. Rc5 Na5 19. Qc3 Rxc5 20. Qxc5 f5 21.
exf5 Nd5 22. Bf4 Nc4 23. Bxc4 bxc4 24. Qxc4 Qxf5 25. Ng3 Qg6 26. Be5 Rxf1+ 27.
Nxf1 h6 28. Qb3 Bc6 29. Ng3 Qg5 30. Qf3 Qe3+ 31. Qxe3 Nxe3 32. Nh5 g6 33. Nf4 g5
34. Nd3 Nxg2 35. Nb4 Bb7 36. Nxa6 Bxa6 37. Kxg2 Kf7 38. a4 Ke6 39. a5 Kf5 40.
Bg7 h5 41. Kf2 h4 42. d5 Bc4 43. d6 Ke6 44. Bf8 g4 45. Be7 Ba6 46. Bxh4 1/2-1/2

[Event "28th European Club Cup"]
[Site "Eilat ISR"]
[Date "2012.10.15"]
[Round "5.1"]
[White "Kurnosov, Igor"]
[Black "Movsesian, Sergei"]
[Result "1/2-1/2"]
[WhiteTitle "GM"]
[BlackTitle "GM"]
[WhiteElo "2660"]
[BlackElo "2699"]
[WhiteTeam "Tomsk-400"]
[BlackTeam "Saint-Petersburg Chess Federation"]
[WhiteFideId "4142527"]
[BlackFideId "310204"]
[EventDate "2012.10.11"]
[EventType "team-swiss"]

1. e4 e5 2. Nf3 Nc6 3. Bb5 Nf6 4. d3 Bc5 5. c3 O-O 6. O-O Re8 7. Nbd2 a6 8. Ba4
b5 9. Bc2 h6 10. Re1 d5 11. exd5 Nxd5 12. Ne4 Bf8 13. a4 Be6 14. axb5 axb5 15.
Rxa8 Qxa8 16. Ng3 Nf6 17. Bd2 Bd5 18. Ne4 Nxe4 19. dxe4 Bc4 20. Bb3 Na5 21. Bxc4
Nxc4 22. b3 Nd6 23. Qc2 c5 24. c4 bxc4 25. bxc4 Qa6 26. Rc1 Qc6 27. Re1 Qa6 28.
Rc1 Qc6 29. Re1 Qa6 1/2-1/2

[Event "28th European Club Cup"]
[Site "Eilat ISR"]
[Date "2012.10.15"]
[Round "5.1"]
[White "Khismatullin, Denis"]
[Black "Zvjaginsev, Vadim"]
[Result "1/2-1/2"]
[WhiteTitle "GM"]
[BlackTitle "GM"]
[WhiteElo "2638"]
[BlackElo "2678"]
[WhiteTeam "Tomsk-400"]
[BlackTeam "Saint-Petersburg Chess Federation"]
[WhiteFideId "4142578"]
[BlackFideId "4113403"]
[EventDate "2012.10.11"]
[EventType "team-swiss"]

1. c4 e6 2. Nf3 Nf6 3. g3 d5 4. Bg2 Be7 5. d4 O-O 6. O-O c5 7. cxd5 exd5 8. Nc3
Be6 9. Be3 cxd4 10. Nxd4 Nc6 11. Qa4 Qd7 12. Rad1 Bh3 13. Rd2 Bb4 14. Rc2 Bxc3
15. Rxc3 Nxd4 16. Qxd4 Bxg2 17. Kxg2 Rfe8 18. Rfc1 Ng4 19. h3 Re4 20. Qd2 Nxe3+
21. Rxe3 Qe6 22. Rc7 d4 23. Rf3 Rf8 24. Rxb7 Qxa2 25. Qd3 Qe6 26. Rxa7 h6 27. b4
Rxe2 28. Qxd4 Re4 29. Qc3 Qd5 30. Qb3 Qxb3 31. Rxb3 Rb8 32. Rf3 f6 33. Rd3 Kh7
34. Rdd7 Rg8 35. Rab7 h5 36. h4 Kg6 37. b5 Rb4 38. Kf3 Kf5 39. Rd5+ Kg6 40. Kg2
Rb2 41. Rdd7 Kf5 42. Rd4 Kg6 43. Rf4 Kh6 44. g4 hxg4 45. Rxg4 Kh5 46. Rf4 Kh6
47. Kg3 Rc8 48. b6 Rc6 49. Rg4 g6 50. Rf4 1/2-1/2

[Event "28th European Club Cup"]
[Site "Eilat ISR"]
[Date "2012.10.15"]
[Round "5.2"]
[White "Hracek, Zbynek"]
[Black "Sutovsky, Emil"]
[Result "1-0"]
[WhiteTitle "GM"]
[BlackTitle "GM"]
[WhiteElo "2612"]
[BlackElo "2685"]
[WhiteTeam "G-Team Novy Bor"]
[BlackTeam "SOCAR Azerbaijan"]
[WhiteFideId "300071"]
[BlackFideId "2802007"]
[EventDate "2012.10.11"]
[EventType "team-swiss"]

1. c4 g6 2. g3 Bg7 3. Bg2 c5 4. Nc3 Nc6 5. Nf3 e6 6. d4 cxd4 7. Nb5 d5 8. cxd5
Qa5+ 9. Nd2 Qxb5 10. dxc6 Ne7 11. a4 Qb6 12. Nc4 Qb4+ 13. Bd2 Qxc4 14. cxb7 Bxb7
15. Bxb7 Rb8 16. Rc1 Qa2 17. Ba6 Qxb2 18. Bb5+ Rxb5 19. axb5 Qxb5 20. Rb1 Qc6
21. O-O O-O 22. Bb4 Qd7 23. Qd3 Rd8 24. Bxe7 Qxe7 25. Qe4 Qd6 26. Rfc1 h5 27.
Rb7 Rd7 28. Rc8+ Kh7 29. Rxd7 Qxd7 30. Qc6 Qe7 31. Rc7 Qb4 32. Rxf7 d3 33. exd3
Qb1+ 34. Kg2 Qxd3 35. Qxe6 Qd4 36. Rd7 Qa1 37. Rd6 Qb1 38. Ra6 Qb7+ 39. Qc6 Qf7
40. Ra4 Qe7 41. Qa8 Qe6 42. h4 a5 43. Rxa5 Bd4 44. Qb7+ Kh6 45. Qd5 Qb6 46. Rb5
Qa7 47. Rb7 1-0

[Event "28th European Club Cup"]
[Site "Eilat ISR"]
[Date "2012.10.15"]
[Round "5.3"]
[White "Alekseev, Evgeny"]
[Black "Bauer, Christian"]
[Result "1/2-1/2"]
[WhiteTitle "GM"]
[BlackTitle "GM"]
[WhiteElo "2683"]
[BlackElo "2664"]
[WhiteTeam "Economist-SGSEU Saratov"]
[BlackTeam "Gros Xake Taldea"]
[WhiteFideId "4138147"]
[BlackFideId "603767"]
[EventDate "2012.10.11"]
[EventType "team-swiss"]

1. e4 e6 2. d4 d5 3. Nc3 Bb4 4. e5 c5 5. a3 Bxc3+ 6. bxc3 Qa5 7. Bd2 Qa4 8. Qb1
c4 9. h4 Nc6 10. h5 h6 11. Nf3 Bd7 12. Be2 O-O-O 13. O-O Nge7 14. Nh2 Rdf8 15.
Ng4 Be8 16. Qb2 b6 17. Bf4 Nf5 18. Ne3 Nfe7 19. Bg3 f5 20. exf6 gxf6 21. Bd6 Kd7
22. Bf4 Kc8 23. Rae1 Rh7 24. Bd1 f5 25. g3 Bf7 26. Ng2 Ng8 27. Be5 Nxe5 28. Rxe5
Nf6 29. Nf4 Re8 30. Rfe1 Kd7 31. Bf3 Rg7 32. Qc1 Ne4 33. Bxe4 fxe4 34. Kg2 Reg8
35. Nh3 Rg4 36. Kh2 Ke7 37. Nf4 Kd7 38. Nh3 Ke7 39. Nf4 Kd7 40. Nh3 1/2-1/2

[Event "28th European Club Cup"]
[Site "Eilat ISR"]
[Date "2012.10.15"]
[Round "5.3"]
[White "Lysyj, Igor"]
[Black "Argandona Riveiro, Inigo"]
[Result "1/2-1/2"]
[WhiteTitle "GM"]
[BlackTitle "IM"]
[WhiteElo "2628"]
[BlackElo "2402"]
[WhiteTeam "Economist-SGSEU Saratov"]
[BlackTeam "Gros Xake Taldea"]
[WhiteFideId "4150120"]
[BlackFideId "2212072"]
[EventDate "2012.10.11"]
[EventType "team-swiss"]

1. d4 g6 2. c4 Bg7 3. Nf3 f5 4. g3 Nf6 5. Bg2 O-O 6. O-O d6 7. Nc3 Qe8 8. d5 a5
9. Be3 Na6 10. Qd2 Bd7 11. Bh6 Nc5 12. Bxg7 Kxg7 13. Nd4 c6 14. Rab1 e5 15. dxe6
Bxe6 16. b3 Bf7 17. Rfd1 Qe7 18. Nc2 Rfd8 19. Qe3 Qe5 20. Rd2 Ng4 21. Qd4 Ne6
22. Qd3 Nc5 23. Qd4 Ne6 24. Qd3 Nc5 25. Qd4 Ne6 26. Qd3 1/2-1/2

[Event "28th European Club Cup"]
[Site "Eilat ISR"]
[Date "2012.10.15"]
[Round "5.4"]
[White "Smirin, Ilia"]
[Black "Givon, Asaf"]
[Result "1-0"]
[WhiteTitle "GM"]
[BlackTitle "FM"]
[WhiteElo "2638"]
[BlackElo "2405"]
[WhiteTeam "Ashdod"]
[BlackTeam "Hapoel Kfar Saba"]
[WhiteFideId "2801990"]
[BlackFideId "2801841"]
[EventDate "2012.10.11"]
[EventType "team-swiss"]

1. e4 Nf6 2. e5 Nd5 3. d4 d6 4. Nf3 dxe5 5. dxe5 Bg4 6. h3 Bxf3 7. Qxf3 e6 8.
Bc4 Nc6 9. Qe4 Bc5 10. O-O Nde7 11. c3 Ng6 12. Bb5 Qd5 13. Bxc6+ bxc6 14. Re1
Qxe4 15. Rxe4 O-O-O 16. Nd2 Rd3 17. Kf1 Rhd8 18. Ke2 R3d5 19. Nf3 Rd1 20. b4 Be7
21. Bb2 Rxa1 22. Bxa1 c5 23. b5 c6 24. c4 Kb7 25. Bc3 cxb5 26. cxb5 Ra8 27. g3
a6 28. bxa6+ Rxa6 29. a4 Kc6 30. Nd2 Bd8 31. Kd3 Ne7 32. Rf4 Nf5 33. Nb3 Kd5 34.
g4 Nh4 35. Nd2 Ra7 36. Rc4 Ng6 37. f4 Rb7 38. a5 Kc6 39. f5 exf5 40. gxf5 Ne7
41. Ne4 Rd7+ 42. Kc2 Kd5 43. Nxc5 Nxf5 44. Nxd7 Ne3+ 45. Kd3 Nxc4 46. a6 Nb6 47.
Ba5 Nxd7 48. a7 Nxe5+ 49. Ke2 Bxa5 50. a8=Q+ Nc6 51. Qb7 Kd6 52. Qxf7 Bc3 53.
Qf8+ Kc7 54. Qf7+ Kd6 55. Qc4 Bf6 56. Qd3+ Nd4+ 57. Ke3 h6 58. Ke4 Kc5 59. Qc3+
Kd6 60. Qc4 Ke7 61. Kd5 Kf7 62. Qd3 Ke7 63. h4 Kf7 64. h5 Ke7 65. Qe4+ Kd7 66.
Qb1 Kc7 67. Qb4 Kd7 68. Qa4+ Ke7 69. Qa7+ Ke8 70. Qc7 Kf8 71. Qd7 Kg8 72. Qe8+
Kh7 73. Qe4+ Kg8 74. Kd6 Kf8 75. Kd7 Kg8 76. Ke8 1-0

[Event "28th European Club Cup"]
[Site "Eilat ISR"]
[Date "2012.10.15"]
[Round "5.4"]
[White "Galburd, Yan"]
[Black "Romanov, Evgeny"]
[Result "0-1"]
[BlackTitle "GM"]
[WhiteElo "2331"]
[BlackElo "2611"]
[WhiteTeam "Hapoel Kfar Saba"]
[BlackTeam "Ashdod"]
[WhiteFideId "2808528"]
[BlackFideId "4148843"]
[EventDate "2012.10.11"]
[EventType "team-swiss"]

1. c4 c5 2. Nc3 Nc6 3. g3 g6 4. Bg2 Bg7 5. Nf3 d6 6. O-O Bd7 7. a3 Nh6 8. Rb1 a5
9. d4 cxd4 10. Nxd4 Nxd4 11. Bxh6 Nxe2+ 12. Qxe2 Bxh6 13. Bxb7 Rb8 14. Bf3 Bg7
15. Nd5 e6 16. b4 O-O 17. Ne3 Qc7 18. Rfc1 Rfc8 19. Qd2 axb4 20. axb4 Be8 21.
Rd1 Rb6 22. Rbc1 Bf8 23. Ng4 Bg7 24. Ne3 Qe7 25. Re1 Qf6 26. Qd1 Rxb4 27. Kg2
Rb6 28. h4 h5 29. Qd3 Qd4 30. Qa3 Qc5 31. Qd3 Bd4 32. Nd5 Rb2 33. Ne7+ Kg7 34.
Nxc8 Rxf2+ 35. Kh3 Qxc8 36. g4 e5 37. Kg3 f5 38. gxf5 gxf5 39. Qxd4 Rxf3+ 40.
Kxf3 exd4 41. Kf4 Kf6 42. Rcd1 d3 43. c5 Qxc5 44. Kg3 f4+ 45. Kxf4 Qf2+ 46. Ke4
Bg6+ 0-1

[Event "28th European Club Cup"]
[Site "Eilat ISR"]
[Date "2012.10.15"]
[Round "5.4"]
[White "Avrukh, Boris"]
[Black "Ben Artzi, Ido"]
[Result "1-0"]
[WhiteTitle "GM"]
[WhiteElo "2585"]
[BlackElo "2286"]
[WhiteTeam "Ashdod"]
[BlackTeam "Hapoel Kfar Saba"]
[WhiteFideId "2803895"]
[BlackFideId "2810913"]
[EventDate "2012.10.11"]
[EventType "team-swiss"]

1. d4 Nf6 2. c4 g6 3. Nc3 d5 4. cxd5 Nxd5 5. e4 Nxc3 6. bxc3 Bg7 7. Be3 c5 8.
Nf3 Qa5 9. Qd2 Nc6 10. Rb1 cxd4 11. cxd4 Qxd2+ 12. Kxd2 O-O 13. d5 Rd8 14. Bd3
Ne5 15. Nxe5 Bxe5 16. f4 Bg7 17. Rhc1 b6 18. Ke1 e6 19. Bc4 Bb7 20. dxe6 Bxe4
21. exf7+ Kh8 22. Rb5 Bxg2 23. Re5 Bf6 24. Kf2 Bh3 25. Bb3 Kg7 26. Rc7 Bxe5 27.
fxe5 Rd3 28. e6 Rxb3 29. Bh6+ Kxh6 30. e7 Rb2+ 31. Kg3 1-0

[Event "28th European Club Cup"]
[Site "Eilat ISR"]
[Date "2012.10.15"]
[Round "5.4"]
[White "Mindlin, Alon"]
[Black "Kogan, Artur"]
[Result "1-0"]
[BlackTitle "GM"]
[WhiteElo "2237"]
[BlackElo "2583"]
[WhiteTeam "Hapoel Kfar Saba"]
[BlackTeam "Ashdod"]
[WhiteFideId "2800071"]
[BlackFideId "2800802"]
[EventDate "2012.10.11"]
[EventType "team-swiss"]

1. d4 Nf6 2. c4 c5 3. d5 e5 4. Nc3 d6 5. e4 Nbd7 6. Be3 a6 7. f3 h5 8. Bd3 h4 9.
Nge2 Be7 10. Qd2 Nh7 11. a3 Bg5 12. b4 b6 13. Rb1 O-O 14. g3 Bxe3 15. Qxe3 cxb4
16. axb4 a5 17. Ra1 Ba6 18. b5 Bc8 19. Na4 Rb8 20. Kd2 Re8 21. Rhf1 Ndf8 22. Kc2
Rb7 23. Kb3 Ng6 24. f4 exf4 25. gxf4 f5 26. Nec3 fxe4 27. Nxe4 Bf5 28. Qd4 Ngf8
29. Rae1 Rbe7 30. Rg1 Qc7 31. Re2 Nd7 32. Reg2 Nc5+ 33. Naxc5 dxc5 34. Qb2 Bxe4
35. d6 Bxg2 36. dxc7 h3 37. Rxg2 hxg2 38. Qxg2 Nf8 39. Qd5+ Kh8 40. Qh5+ Kg8 41.
Qd5+ Kh8 42. Qd8 Re3 43. c8=Q Rxd3+ 44. Qxd3 a4+ 45. Kxa4 Rxc8 46. Qh3+ 1-0

[Event "28th European Club Cup"]
[Site "Eilat ISR"]
[Date "2012.10.15"]
[Round "5.5"]
[White "Nisipeanu, Liviu-Dieter"]
[Black "Rublevsky, Sergei"]
[Result "1/2-1/2"]
[WhiteTitle "GM"]
[BlackTitle "GM"]
[WhiteElo "2661"]
[BlackElo "2693"]
[WhiteTeam "OSG Baden-Baden e.V."]
[BlackTeam "Ugra"]
[WhiteFideId "1202758"]
[BlackFideId "4115309"]
[EventDate "2012.10.11"]
[EventType "team-swiss"]

1. d4 d5 2. Nf3 Nf6 3. c4 c6 4. e3 Bg4 5. h3 Bh5 6. Nc3 e6 7. Qb3 Qb6 8. Ne5
Nfd7 9. Nd3 Qxb3 10. axb3 Bg6 11. Bd2 Na6 12. Nf4 Nb4 13. Nxg6 hxg6 14. Ke2 Be7
15. g3 O-O 16. Bg2 a5 17. Rhc1 Rfd8 18. Na2 Nxa2 19. Rxa2 b6 20. cxd5 cxd5 21.
Rc7 Rac8 22. Rb7 Rb8 23. Ra7 Ra8 24. Rc7 Rac8 25. Rb7 Rb8 26. Ra7 Ra8 1/2-1/2

[Event "28th European Club Cup"]
[Site "Eilat ISR"]
[Date "2012.10.15"]
[Round "5.6"]
[White "Baron, Tal"]
[Black "Riazantsev, Alexander"]
[Result "1-0"]
[WhiteTitle "GM"]
[BlackTitle "GM"]
[WhiteElo "2454"]
[BlackElo "2712"]
[WhiteTeam "Rishon Le-Zion"]
[BlackTeam "SHSM-64"]
[WhiteFideId "2809958"]
[BlackFideId "4125029"]
[EventDate "2012.10.11"]
[EventType "team-swiss"]

1. d4 Nf6 2. c4 e6 3. Nc3 Bb4 4. Bg5 c5 5. d5 d6 6. e3 exd5 7. cxd5 Nbd7 8. Bd3
Qa5 9. Ne2 Nxd5 10. O-O Bxc3 11. bxc3 N5f6 12. c4 h6 13. Bh4 O-O 14. Rc1 Qc7 15.
Nc3 a6 16. Qd2 Re8 17. Rfd1 d5 18. cxd5 b5 19. Bf5 Bb7 20. e4 b4 21. Bxf6 Nxf6
22. Na4 g6 23. Qxh6 c4 24. Bxg6 fxg6 25. Qxg6+ Qg7 26. Qxg7+ Kxg7 27. Rxc4 Rab8
28. Rc7+ Kg6 29. f3 Rec8 30. Rdc1 Rxc7 31. Rxc7 Nxd5 32. exd5 Bxd5 33. Rc2 Rb5
34. Nc5 a5 35. Nd3 Kf6 36. Kf2 a4 37. Ke3 Be6 38. Kd2 a3 39. g4 Rb6 40. Nc5 Bd5
41. Nd7+ 1-0

[Event "28th European Club Cup"]
[Site "Eilat ISR"]
[Date "2012.10.15"]
[Round "5.6"]
[White "Grachev, Boris"]
[Black "Caspi, Israel"]
[Result "1/2-1/2"]
[WhiteTitle "GM"]
[BlackTitle "IM"]
[WhiteElo "2672"]
[BlackElo "2451"]
[WhiteTeam "SHSM-64"]
[BlackTeam "Rishon Le-Zion"]
[WhiteFideId "4129199"]
[BlackFideId "2807394"]
[EventDate "2012.10.11"]
[EventType "team-swiss"]

1. c4 f5 2. Nc3 Nf6 3. g3 g6 4. Bg2 Bg7 5. d3 O-O 6. e4 d6 7. Nge2 fxe4 8. dxe4
c5 9. O-O Nc6 10. h3 Ne8 11. f4 Nc7 12. g4 Ne6 13. f5 Ned4 14. Bg5 h6 15. Be3 e6
16. Qd2 g5 17. Ng3 Ne5 18. b3 Nf7 19. Rad1 Bd7 20. Nh5 Be5 21. Ne2 Nxe2+ 22.
Qxe2 Qe7 23. Qd2 Be8 24. h4 Kh7 25. f6 Qd8 26. hxg5 hxg5 27. Rf3 Kg6 28. Rdf1
Bc6 29. Rh3 Rh8 30. Qf2 Qd7 31. Bf3 Rh6 32. Kg2 Rah8 33. Qc2 b6 34. a3 Qb7 35.
Rd1 Kh7 36. b4 Qa8 37. Rdh1 Kg8 38. Qd3 Qd8 39. b5 Bb7 40. Qd2 Bxf6 41. Qd1 Be7
42. Bc1 Bf6 43. Nxf6+ Qxf6 44. Rxh6 Rxh6 45. Rxh6 Qxh6 46. Bb2 e5 47. Bc1 Qg6
48. Qd3 Kf8 49. Kg3 Ke7 50. Qc2 Nd8 51. Qa4 Kd7 52. Qxa7 Kc7 53. a4 Ne6 54. a5
bxa5 55. Bd2 Qh7 56. Qxa5+ Kc8 57. Qa1 Qh4+ 58. Kg2 Bxe4 59. Qa6+ Kd7 60. Qa7+
Kd8 61. Qb8+ Ke7 62. Bxe4 Qxg4+ 63. Kf2 Qxe4 64. b6 Qh4+ 65. Kg2 Qg4+ 66. Kf2
Nd4 67. Qc7+ Ke8 68. Qb8+ Kf7 69. Qb7+ Kf6 70. Qg2 Qe2+ 71. Kg3 Qd3+ 72. Kg4
Qf5+ 73. Kg3 Qd3+ 74. Kg4 Qxc4 75. Bxg5+ Ke6 76. Kh5 Qb3 77. Qb7 Qh3+ 78. Kg6
Qf5+ 79. Kh6 Qf7 80. Qc8+ Kd5 81. Qa8+ Ke6 82. Qc8+ Kd5 83. Qa8+ Ke6 84. Qc8+ 1/2-1/2

[Event "28th European Club Cup"]
[Site "Eilat ISR"]
[Date "2012.10.15"]
[Round "5.6"]
[White "Kaspi, Alexander"]
[Black "Najer, Evgeniy"]
[Result "1/2-1/2"]
[WhiteTitle "IM"]
[BlackTitle "GM"]
[WhiteElo "2435"]
[BlackElo "2664"]
[WhiteTeam "Rishon Le-Zion"]
[BlackTeam "SHSM-64"]
[WhiteFideId "2802910"]
[BlackFideId "4118987"]
[EventDate "2012.10.11"]
[EventType "team-swiss"]

1. d4 Nf6 2. c4 e6 3. Nc3 Bb4 4. Qc2 Nc6 5. Nf3 d6 6. Bd2 O-O 7. a3 Bxc3 8. Bxc3
Qe7 9. e4 e5 10. d5 Nb8 11. g3 a5 12. b3 Nbd7 13. Bg2 Nc5 14. Nd2 Bd7 15. O-O b6
16. Rae1 Nh5 17. f4 exf4 18. Bf3 Qg5 19. Bxh5 Qxh5 20. gxf4 b5 21. Bd4 bxc4 22.
bxc4 Na4 23. Rf3 f6 24. Rg3 Qh6 25. Rf1 Rf7 26. Qd3 Raf8 27. Kh1 c5 28. Ba1 Nb6
29. f5 Ba4 30. Bc3 Re8 31. Rff3 Bd1 32. Rf1 Qh5 33. Qb1 Be2 34. Qxb6 Bxf1 35.
Nxf1 Rxe4 36. Qxd6 Qxf5 37. Kg1 Rxc4 38. Qd8+ Rf8 39. Qe7 Rf7 40. Qe8+ Rf8 41.
Qe7 g6 42. d6 Re4 43. Qb7 Rf7 44. Qa8+ Kg7 45. Qxa5 Re2 46. Bd4 Rc2 47. Be3 h5
48. Rg2 Rxg2+ 49. Kxg2 Qd5+ 50. Kg1 Qxd6 51. Qxc5 Qe6 52. Qb4 Rd7 53. a4 g5 54.
a5 h4 55. Qb5 Rd1 56. Kf2 Ra1 57. Bd2 Ra2 58. Qb7+ Kh6 59. Qb8 Qf5+ 60. Ke2 Qe6+
61. Kf2 Ra1 62. Ne3 Kg6 63. Qd8 Ra2 64. Qd3+ Kg7 65. Nf5+ Kf7 66. Nd4 Qd5 67.
Qh7+ Kf8 68. Qh8+ Kf7 69. Qh7+ Kf8 70. Qh8+ Kf7 71. Qh7+ Kf8 72. Qh8+ 1/2-1/2

[Event "28th European Club Cup"]
[Site "Eilat ISR"]
[Date "2012.10.15"]
[Round "5.6"]
[White "Potkin, Vladimir"]
[Black "Klenburg, Mikhail"]
[Result "1-0"]
[WhiteTitle "GM"]
[BlackTitle "IM"]
[WhiteElo "2663"]
[BlackElo "2366"]
[WhiteTeam "SHSM-64"]
[BlackTeam "Rishon Le-Zion"]
[WhiteFideId "4131061"]
[BlackFideId "14102072"]
[EventDate "2012.10.11"]
[EventType "team-swiss"]

1. d4 d6 2. e4 Nf6 3. Nc3 g6 4. Nf3 Bg7 5. Be2 O-O 6. O-O Nc6 7. d5 Nb8 8. Re1
c6 9. h3 a6 10. a4 a5 11. Bg5 Na6 12. Bxa6 Rxa6 13. Qd2 Nd7 14. Bh6 Bxh6 15.
Qxh6 f6 16. Rad1 c5 17. Ne2 Qe8 18. b3 Ra8 19. Nf4 Ne5 20. Nxe5 fxe5 21. Nd3 Qf7
22. f4 exf4 23. Rf1 Qg7 24. Qxg7+ Kxg7 25. Rxf4 Bd7 26. Rxf8 Rxf8 27. Nb2 b5 28.
axb5 Bxb5 29. Ra1 Rf4 30. Rxa5 Rf1+ 31. Kh2 Be2 32. Na4 Rc1 33. c4 Bd1 34. Rb5
Rc2 35. e5 dxe5 36. Nxc5 Bf3 37. Kg3 Bxg2 38. Rb7 Kf6 39. h4 Bh1 40. Rb8 e4 41.
Kf4 Rf2+ 42. Ke3 Rh2 43. Nd7+ Kg7 44. Re8 Rh3+ 45. Kd4 Rd3+ 46. Ke5 Kf7 47. Rf8+
Kg7 48. Rf1 Bg2 49. Rg1 Rd2 50. Re1 h5 51. Nc5 Rb2 52. Nxe4 Rxb3 53. c5 Rb2 54.
c6 Rc2 55. Ng5 Rd2 56. Ne6+ Kh7 57. Nf4 Bf3 58. Ra1 Kg7 59. Rc1 Kf7 60. c7 Bg4
61. c8=Q Bxc8 62. Rxc8 Rd1 63. Ne6 Re1+ 64. Kf4 Rf1+ 65. Kg3 1-0